Amadis de Gaula

Guardat en:
Dades bibliogràfiques
Format: Llibre
Idioma:espanyol
Publicat: Ciudad de México Porrúa 1975
Edició:4a. ed
Col·lecció:Sepan cuantos, 131
Matèries:
Etiquetes: Afegir etiqueta
Sense etiquetes, Sigues el primer a etiquetar aquest registre!

MARC

LEADER 00000nam a2200000 a 4500
001 UCV7564
003 CL-VaPUC
008 880927e19750000MX |||||||||||||||||spa|d
082 0 4 |a 863  |b AMA  |2 21 
245 1 0 |a Amadis de Gaula 
250 |a 4a. ed 
300 |a 321 p 
942 |c BK 
945 |d 19880927 00:00:00 
260 |a Ciudad de México  |b Porrúa  |c 1975 
650 7 |a NOVELA EPICA ESPAÑOLA  |2 CL-VaPUC  |9 265091 
650 7 |a LIBROS DE CABALLERIA  |2 CL-VaPUC  |9 265092 
583 |a last modification  |c 19880927 00:00:00  |k Rodrigo Vera 
490 0 |a Sepan cuantos, 131 
999 |c 213218  |d 213216 
952 |0 0  |1 0  |4 0  |6 863_000000000000000_AMA_1975  |7 0  |8 P  |9 195361  |a BIBARQ  |b BIBARQ  |d 2019-11-14  |i 263435K  |o 863 AMA 1975  |p 263435K  |r 2025-01-20  |w 2019-11-14  |y BK  |k ARQ